| 000 | 02371nam a2200301 a 4500 | ||
|---|---|---|---|
| 008 | 160516s2011 ||||||||||||||||| || u | ||
| 020 | _a9781905783342 | ||
| 050 | _aKB 134. P8 Dir | ||
| 100 | _aSmerdon, Edward | ||
| 245 | 1 | 0 |
_aDirectors liability and lndemnification: a global guide. (2nd ed.) _cEdited by Edward Smerdon |
| 250 | _a2nd ed. | ||
| 260 |
_aLondon _bGlobal Business Publishing Ltd _c2011 |
||
| 300 | _a627p. | ||
| 350 | _a250.00 | ||
| 650 | _aINDEMNITY AGAINST LIABILITY--UNITED STATES | ||
| 650 | _aLIABILITY LAW--UNITED STATES | ||
| 650 | _aDIRECTORS OF CORPORATIONS--LEGAL STATUS, LAWS--UNITED STATES | ||
| 995 |
_aKAPASA MAKASA LIBRARY OPEN ACCESS _e747941 _FCBU-KAPASA MAKASA LIBRARY (Chinsali) _I250.00 _jKB 134. P8 Dir _M8 _UAVAILABLE _WSep 25, 2017 _y747941 _ZKapasa Makasa Library Open Acess Collection |
||
| 995 |
_aKAPASA MAKASA LIBRARY OPEN ACCESS _e747942 _FCBU-KAPASA MAKASA LIBRARY (Chinsali) _I250.00 _jKB 134. P8 Dir _M7 _UAVAILABLE _WSep 25, 2017 _y747942 _ZKapasa Makasa Library Open Acess Collection |
||
| 995 |
_aANNEX COLLECTION (Main Library) _e745718 _FCBU-MAIN LIBRARY (Kitwe) _I250.00 _jKB 134. P8 Dir _M5 _UAVAILABLE _WMay 17, 2016 _y745718 _ZAnnex Low-Usage Collection |
||
| 995 |
_aREFERENCE BOOKS _e748137 _FCBU-KAPASA MAKASA LIBRARY (Chinsali) _I250.00 _jKB 134. P8 Dir _M10 _UAVAILABLE _WSep 28, 2017 _y748137 _ZReference Collection |
||
| 995 |
_aMAIN LIBRARY OPEN ACCESS _e745714 _FCBU-MAIN LIBRARY (Kitwe) _I250.00 _jKB 134. P8 Dir _M1 _UAVAILABLE _WMay 17, 2016 _y745714 _ZMain Library Open Access Collection |
||
| 995 |
_aANNEX COLLECTION (Main Library) _e745715 _FCBU-MAIN LIBRARY (Kitwe) _I250.00 _jKB 134. P8 Dir _M2 _UAVAILABLE _WMay 17, 2016 _y745715 _ZAnnex Low-Usage Collection |
||
| 995 |
_aANNEX COLLECTION (Main Library) _e746488 _FCBU-MAIN LIBRARY (Kitwe) _I250.00 _jKB 134. P8 Dir _M6 _UAVAILABLE _WMay 17, 2016 _y746488 _ZAnnex Low-Usage Collection |
||
| 995 |
_aANNEX COLLECTION (Main Library) _e745716 _FCBU-MAIN LIBRARY (Kitwe) _I250.00 _jKB 134. P8 Dir _M3 _UAVAILABLE _WMay 17, 2016 _y745716 _ZAnnex Low-Usage Collection |
||
| 995 |
_aANNEX COLLECTION (Main Library) _e745717 _FCBU-MAIN LIBRARY (Kitwe) _I250.00 _jKB 134. P8 Dir _M4 _UAVAILABLE _WMay 17, 2016 _y745717 _ZAnnex Low-Usage Collection |
||
| 995 |
_aREFERENCE BOOKS _e748138 _FCBU-KAPASA MAKASA LIBRARY (Chinsali) _I250.00 _jKB 134. P8 Dir _M9 _UAVAILABLE _WSep 28, 2017 _y748138 _ZReference Collection |
||
| 999 |
_c63578 _d63578 |
||